000 01202cab a22002054i 4500
001 768714001
003 CO-MdFUSB
005 20230112102428.0
008 180716s1996 gt ||||| |||| 00| 0 spa d
022 _a1014-9341
040 _aCO-MdFUSB
_bspa
_cCO-MdFUSB
_dCO-MdFUSB
041 _aspa
100 1 _aFeinberg, John S.
_eautor
245 0 0 _aSistemas de discontinuidad (primera de dos partes)
_c/ John S. Feinberg
300 _aNúmero 18 (Enero - Junio, 1996), páginas 7-26
_c; 22 cm
520 _aUna manera de clasificar los sistemas teológicos es a través del grado de continuidad o discontinuidad que dan a la relación entre el Antiguo Testamentos. Este artículo busca orientar al lector en el sentido de señalar las características generales de los sistemas que dan más continuidad o discontinuidad. Se iniciará el análisis de lo que el autor considera distintivos del Dispensacionalismo como un sistema de discontinuidad, haciendo contraste con el acercamiento tradicional dentro del Dispensacionalismo mismo y en otros sistemas.
650 7 _9320
_aTeología bíblica
773 0 _tKairós
_049489
_961226
_gNúmero 18 (Enero - Junio, 1996), páginas 7-26
_qPágina 7
942 _cANA
999 _c61423
_d61423